000 00443nam a2200169Ia 4500
001 40186
008 140423s9999 xx 000 0 und d
020 _a0713998458
040 _cPK-LaUMT
082 _a 956.704437
_bHER-C
100 _aHersh, Seymour M.
245 _aChain of command
_bthe road from 9/11 to Abu Ghraib
_cHersh, Seymour M.
260 _aLondon,UK:
_bPenguin Books,
_c2004
300 _a394 p.
546 _aEN
942 _cBK
999 _c39477
_d39477